Guia de l'Arxiu Històric Municipal de Castell-Platja d'Aro / per Pere Barreda i Masó
Descripción Física:
[20] p. : il. ; 21 cm
MARC
| LEADER | 00000nam a2200000Ia 4500 | ||
|---|---|---|---|
| 001 | 8255 | ||
| 008 | 160829s1988 xx 000 0 cat d | ||
| 080 | |a FU-8-23 | ||
| 100 | |a Barreda i Masó, Pere |9 29997 | ||
| 245 | |a Guia de l'Arxiu Històric Municipal de Castell-Platja d'Aro / per Pere Barreda i Masó | ||
| 260 | |a Castell - Platja d'Aro : |b Ajuntament, |c 1988 | ||
| 300 | |a [20] p. : |b il. ; |c 21 cm | ||
| 650 | |a Arxiu Històric Municipal de Castell-Platja d'Aro |x Guies |9 29998 | ||
| 710 | 1 | |a Castell-Platja d’Aro (Catalunya). |b Ajuntament |9 55466 | |
| 901 | |a Arxiu | ||
| 942 | |n 1 | ||
| 952 | |0 0 |1 0 |4 0 |6 FU823 |7 1 |9 45206 |a Arxiu |b Arxiu |d 2016-12-01 |l 0 |o FU-8-23 |p 8255 |r 2016-12-01 00:00:00 |w 2016-12-01 |y ARXIU | ||
| 999 | |c 48278 |d 48278 | ||